Szczegóły MARC21

Traduction des jeux de mots : aspects sémantiques /

003 -Nazwa inst., której nr kontr. jest w polu 001 [,]
    • @
    • Nazwa instytucji, której n kontrolny jest w polu 001
    • NUKAT
005 -DATA I CZAS OSTATNIEJ MODYFIKACJI [,]
    • @
    • pole kontrolne
    • 20241231110113.0
020 -Międzynarod. znormalizowany nr książki - ISBN [ , ]
    • a
    • Numer ISBN
    • 8360178003 Find
040 -Instytucja sporządzająca opis [ , ]
    • a
    • Instytucja, która sporządziła opis (NP)
    • SZCZ M/MK
    • c
    • Instytucja, która sporządziła rekord (NP)
    • SZCZ M/MK
    • d
    • Instytucja, która zmodyfikowała rekord (P)
    • KR U/ABs
    • d
    • Instytucja, która zmodyfikowała rekord (P)
    • WA N/PBjos
041 -Język dokumentu [0, ]
    • a
    • Język tekstu (P)
    • francuski
    • b
    • Język streszczeń lub abstraktu (P)
    • polski
942 -Rodzaj dokumentu [ , ]
    • c
    • Rodzaj dokumentu
    • Książka
100 -Hasło główne - nazwa osobowa [1, ]
    • a
    • Nazwa osobowa (NP)
    • Walkiewicz, Barbara.
    • 9
    • KHW
    • 86334
245 -Strefa tytułu i oznaczenia odpowiedzialności [1,0]
    • a
    • Tytuł
    • Traduction des jeux de mots : Find
    • b
    • Ciąg dalszy tytułu (NP)
    • aspects sémantiques / Find
    • c
    • Pozostałe elementy strefy tytułu i oznaczenia odpowiedzialności (NP)
    • Barbara Walkiewicz.
260 -Strefa adresu wydawniczego [ , ]
    • a
    • Miejsce wydania (P)
    • Łask :
    • b
    • Nazwa wydawcy (P)
    • Oficyna Wydawnicza Leksem,
    • c
    • Data wydania (P)
    • 2005.
300 -Strefa opisu fizycznego [ , ]
    • a
    • Określenie formy książki i/lub objętość (NP)
    • 199 s. ;
    • c
    • Format (NP)
    • 24 cm.
336 -Typ zawartości [ , ]
    • a
    • Termin opisujący typ zawartości
    • Tekst
    • b
    • Kod określający zawartość
    • txt
    • 2
    • Źródło (terminu i kodu)
    • rdacontent
337 -Typ mediów [ , ]
    • a
    • Tryb odtwarzania
    • Bez urządzenia pośredniczącego
    • b
    • Kod typu mediów
    • n
    • 2
    • Źródło (terminu i kodu)
    • rdamedia
338 -Typ/rodzaj nośnika [ , ]
    • a
    • Hasło opisujące typ nośnika
    • Wolumin
    • b
    • Kod typu nośnika
    • nc
    • 2
    • Źródło (terminu i kodu)
    • rdacarrier
490 -Strefa serii i książki wielotomowej - forma nie do wyszukiwania [1, ]
    • a
    • Tytuł (P)
    • Rozumienie, Interpretacja, Przekład ; Find
    • v
    • Numeracja (P)
    • 2
830 -Hasło dodatkowe serii i opisu książki wielotomowej - tytuł ujednolicony/tytuł [ ,0]
    • a
    • Tytuł ujednolicony/tytuł (NP)
    • Rozumienie, Interpretacja, Przekład
    • v
    • Oznaczenie tomu (NP)
    • 2
    • 9
    • KHW
    • 86335
504 -Uwaga dot. bibliogr. załącznikowej [ , ]
    • a
    • Uwaga dot. bibliografii załącznikowej
    • Bibliogr. s. 189-195.
546 -Uwaga dot. języka [ , ]
    • a
    • Uwaga dot. języka
    • Streszcz. pol.
080 -Uniwersalna Klasyfikacja Dziesiętna [ , ]
    • a
    • Symbol klasyfikacji
    • 811.133.1'373
    • 2
    • Identyfikator wydania tablic
    • UDC-P058
    • 9
    • UKD
    • 80427
    • b
    • Dopowiedzenie
    • Język francuski. - Leksykologia. Słownictwo.
    • 4
    • UKD2
    • 7653
    • x
    • Poddział wspólny
    • =133.1
    • c
    • Dopowiedzenie poddz. wspólnego
    • =Język francuski.
080 -Uniwersalna Klasyfikacja Dziesiętna [ , ]
    • a
    • Symbol klasyfikacji
    • 811.133.1'25
    • 2
    • Identyfikator wydania tablic
    • UDC-P058
    • 9
    • UKD
    • 85424
    • b
    • Dopowiedzenie
    • Język francuski. - Przekłady.
    • 4
    • UKD2
    • 7653
    • x
    • Poddział wspólny
    • =133.1
    • c
    • Dopowiedzenie poddz. wspólnego
    • =Język francuski.
650 -Hasło przedmiotowe [ ,7]
    • a
    • Hasło przedmiotowe
    • Gra słów
    • x
    • Określnik rzeczowy
    • tłumaczenie.
    • 2
    • Źródło terminu
    • kaba
    • 9
    • KHW
    • 379253
650 -Hasło przedmiotowe [ ,7]
    • a
    • Hasło przedmiotowe
    • Język francuski
    • x
    • Określnik rzeczowy
    • semantyka.
    • 2
    • Źródło terminu
    • kaba
    • 9
    • KHW
    • 113121
650 -Hasło przedmiotowe [ ,7]
    • a
    • Hasło przedmiotowe
    • Gra słów
    • 2
    • Źródło terminu
    • DBN
    • 9
    • KHW
    • 110246
650 -Hasło przedmiotowe [ ,7]
    • a
    • Hasło przedmiotowe
    • Semantyka lingwistyczna
    • 2
    • Źródło terminu
    • DBN
    • 9
    • KHW
    • 722090
650 -Hasło przedmiotowe [ ,7]
    • a
    • Hasło przedmiotowe
    • Teoria przekładu
    • 2
    • Źródło terminu
    • DBN
    • 9
    • KHW
    • 742324
650 -Hasło przedmiotowe [ ,7]
    • a
    • Hasło przedmiotowe
    • Język francuski
    • 2
    • Źródło terminu
    • DBN
    • 9
    • KHW
    • 721716
650 -Hasło przedmiotowe [ ,7]
    • a
    • Hasło przedmiotowe
    • Przekłady
    • 2
    • Źródło terminu
    • DBN
    • 9
    • KHW
    • 723466
650 -Hasło przedmiotowe [ ,7]
    • a
    • Hasło przedmiotowe
    • Słownictwo
    • 2
    • Źródło terminu
    • DBN
    • 9
    • KHW
    • 722103
658 -Ujęcie treści [ , ]
    • a
    • dziedzina nauki i sztuki/ sfera aktywności życiowej
    • Językoznawstwo
980 -Symbol UKD [ , ]
    • a
    • UKD
    • 811.133.1'373:811.133.1'25]=133.1
710 -Hasło dodatkowe - nazwa ciała zbiorowego [2, ]
    • a
    • Nazwa ciała zbiorowego lub nazwa geograficzna jako pierwszy element (NP)
    • Oficyna Wydawnicza Leksem.
    • 4
    • Kod relacji
    • pbl
    • 9
    • KHW
    • 78396
920 -ISBN [ , ]
    • a
    • ISBN
    • 83-60178-00-3 Find
Sygnatura Status udost. Lokalizacja Data inwentaryzacji Numer inwentarzowy
FR. Translatoryka 061BM2013-02-15A.9073